000 00717nam a2200253Ia 4500
003 OSt
005 20221005071309.0
006 a|||||r|||| 00| 0
007 ta
008 221004b |||||||| |||| 00| 0 eng d
020 _a8173052190
024 _a75783
037 _cTextual
040 _aCRL
_cCRL
_beng
041 _2eng
_aeng
082 _aV261, P2
100 _aShastri Ajay Mitra
245 0 _aAncient North-East India (Pragjyotisha)
_b Pan- India Persective (Up to Seventh Century AD )
260 _aNew Delhi
_bAryan Books International India
_c2002
300 _a130p.
_ccm.
650 _aHISTORY
942 _hV261, P2
_cTEXL
_2cc
999 _c977614
_d977614